[Event "Mittelfrankenliga-B2a 0708"]
[Site "Mittelfranken"]
[Date "2008.03.02"]
[Round "7.4"]
[White "Schiller, Angel"]
[Black "Radeck, Jochen"]
[Result "1-0"]
[WhiteElo "1767"]
[BlackElo "1844"]
[PlyCount "95"]
[EventDate "2007.10.14"]
[EventType "team-tourn"]
[EventRounds "9"]
[EventCountry "GER"]
[SourceTitle "EXT 2011"]
[Source "ChessBase"]
[SourceDate "2010.11.26"]
[SourceVersion "1"]
[SourceVersionDate "2010.11.26"]
[SourceQuality "1"]
[WhiteTeam "Erlangen BSGW"]
[BlackTeam "Forchheim III"]
[WhiteTeamCountry "GER"]
[BlackTeamCountry "GER"]

1. e4 c6 2. Nc3 d5 3. d3 Nf6 4. e5 Ng4 5. Nf3 Qb6 6. d4 g6 7. h3 Nh6 8. Bd3 Nf5 9. Ne2 e6 10. a4 Nd7 11. g4 Ne7 12. a5 Qc7 13. b4 Bg7 14. Bf4 h6 15. c3 Nf8 16. Nd2 Bd7 17. Nb3 h5 18. f3 hxg4 19. fxg4 0-0-0 20. Nc5 Kb8 21. a6 b6 22. Nb7 Be8 23. Nxd8 Qxd8 24. Qb3 Ka8 25. 0-0-0 f6 26. exf6 Bxf6 27. g5 Bg7 28. h4 Nf5 29. Bxf5 exf5 30. Bg3 Qe7 31. Qc2 Bf7 32. Qd2 Ne6 33. Nf4 Nc7 34. Rde1 Qd7 35. Qd3 Bf8 36. h5 gxh5 37. g6 Be8 38. Nxh5 Bh6+ 39. Kb2 Bxg6 40. Nf6 Qc8 41. Re7 Qxa6 42. Qxa6 Nxa6 43. Ra1 Bg5 44. Be5 Bxf6 45. Bxf6 Rh2+ 46. Kb3 f4 47. Rxa6 Bc2+ 48. Ka3 1-0

[Event "Mittelfrankenliga-B2a 0708"]
[Site "Mittelfranken"]
[Date "2007.11.25"]
[Round "3.4"]
[White "Thuerauf, Peter"]
[Black "Schiller, Angel"]
[Result "1/2-1/2"]
[WhiteElo "1785"]
[BlackElo "1767"]
[PlyCount "105"]
[EventDate "2007.10.14"]
[EventType "team-tourn"]
[EventRounds "9"]
[EventCountry "GER"]
[SourceTitle "EXT 2011"]
[Source "ChessBase"]
[SourceDate "2010.11.26"]
[SourceVersion "1"]
[SourceVersionDate "2010.11.26"]
[SourceQuality "1"]
[WhiteTeam "Nuernberg Sued SW III"]
[BlackTeam "Erlangen BSGW"]
[WhiteTeamCountry "GER"]
[BlackTeamCountry "GER"]

1. d4 Nf6 2. Nf3 g6 3. c4 c5 4. d5 Bg7 5. Nc3 d6 6. e4 Nbd7 7. h3 a6 8. a4 b6 9. Be2 0-0 10. 0-0 Rb8 11. Be3 Ne8 12. Qd2 Nc7 13. Bh6 f6 14. Bxg7 Kxg7 15. Nh2 Ne5 16. f4 Nf7 17. Nf3 e5 18. fxe5 Nxe5 19. Nxe5 fxe5 20. Rxf8 Qxf8 21. Qg5 Qf6 22. Qg3 Qf4 23. Qxf4 exf4 24. Rf1 g5 25. h4 h6 26. hxg5 hxg5 27. Bd3 Bd7 28. Re1 Re8 29. Kf2 Kf6 30. Rh1 Ke5 31. Rh7 Rd8 32. Rh5 Kd4 33. Be2 g4 34. Rg5 g3+ 35. Kf3 Rf8 36. Rg7 Be8 37. Kg4 Bf7 38. Kxf4 Bxd5+ 39. Kxg3 Rg8 40. Rxg8 Bxg8 41. Nd5 Ne6 42. Nxb6 Kxe4 43. Bf3+ Kf5 44. Bd5 Bh7 45. Bxe6+ Kxe6 46. Kf4 Bc2 47. a5 Bd3 48. g3 Kf6 49. Ke3 Bf5 50. Na8 Ke5 51. Nc7 Bc8 52. Kd3 Bf5+ 53. Kc3 1/2-1/2

[Event "Mittelfrankenliga-B2a 0607"]
[Site "Mittelfranken"]
[Date "2007.05.06"]
[Round "9.7"]
[White "Schiller, Angel"]
[Black "Neulaendtner, Josef"]
[Result "1-0"]
[WhiteElo "1785"]
[BlackElo "1732"]
[PlyCount "69"]
[EventDate "2006.10.22"]
[EventType "team-tourn"]
[EventRounds "9"]
[EventCountry "GER"]
[SourceTitle "EXT 2011"]
[Source "ChessBase"]
[SourceDate "2010.11.26"]
[SourceVersion "1"]
[SourceVersionDate "2010.11.26"]
[SourceQuality "1"]
[WhiteTeam "Erlangen BSGW"]
[BlackTeam "Erlangen Siemens"]
[WhiteTeamCountry "GER"]
[BlackTeamCountry "GER"]

1. e4 e6 2. d4 d5 3. Nc3 Nf6 4. exd5 exd5 5. Bd3 Be7 6. Nge2 Bg4 7. f3 Bh5 8. Nf4 Nc6 9. Nxh5 Nxh5 10. Ne2 Qd7 11. c3 f5 12. Qc2 g6 13. Bd2 Na5 14. 0-0-0 0-0-0 15. b3 Rhf8 16. Nf4 Nxf4 17. Bxf4 Rde8 18. Be5 Bd6 19. f4 c5 20. Bxd6 Qxd6 21. g3 c4 22. bxc4 dxc4 23. Qa4 Qc7 24. Bc2 Re3 25. Rhe1 Rxc3 26. Qb4 Rxc2+ 27. Kxc2 Rd8 28. Re7 Qb6 29. Qxb6 axb6 30. Rxh7 Re8 31. d5 Rd8 32. d6 Nc6 33. Kc3 b5 34. Rg7 Nb8 35. Rc7# 1-0

[Event "Mittelfrankenliga-B2b 0506"]
[Site "Germany"]
[Date "2006.02.12"]
[Round "6.5"]
[White "Schiller, Angel"]
[Black "Frank, Werner1111"]
[Result "0-1"]
[WhiteElo "1780"]
[BlackElo "1839"]
[PlyCount "58"]
[EventDate "2005.10.16"]
[EventType "team"]
[EventRounds "9"]
[EventCountry "GER"]
[SourceTitle "EXT 2007"]
[Source "ChessBase"]
[SourceDate "2006.11.23"]
[SourceVersion "1"]
[SourceVersionDate "2006.11.23"]
[SourceQuality "1"]

1. e4 e5 2. Nf3 d6 3. d4 f5 4. dxe5 fxe4 5. Bg5 Be7 6. Bxe7 Qxe7 7. exd6 cxd6 8. Nd4 Nf6 9. Bb5+ Bd7 10. Nf5 Qe5 11. Nxd6+ Ke7 12. Bxd7 Nbxd7 13. Nc4 Qc5 14. Qe2 b5 15. Na5 Rac8 16. c3 Qg5 17. 0-0 Rhe8 18. Qd2 Qg4 19. Na3 Ne5 20. Kh1 Red8 21. Qe3 Qh5 22. Qxa7+ Kf8 23. Qe3 Rd3 24. Qf4 Ng6 25. g4 Qh3 26. Qf5 Rcd8 27. Nc2 Nh4 28. Qc5+ Kg8 29. Rg1 Qf3+ 0-1

[Event "Mittelfrankenliga-B2b 0506"]
[Site "Germany"]
[Date "2006.01.29"]
[Round "5.6"]
[White "Schiller, Angel"]
[Black "Scheuerlein, Gerhard"]
[Result "1-0"]
[WhiteElo "1780"]
[BlackElo "1683"]
[PlyCount "97"]
[EventDate "2005.10.16"]
[EventType "team"]
[EventRounds "9"]
[EventCountry "GER"]
[SourceTitle "EXT 2007"]
[Source "ChessBase"]
[SourceDate "2006.11.23"]
[SourceVersion "1"]
[SourceVersionDate "2006.11.23"]
[SourceQuality "1"]

1. e4 e6 2. d4 d5 3. Nc3 Nf6 4. e5 Nfd7 5. Bb5 a6 6. Be2 c5 7. Nf3 Nc6 8. Be3 cxd4 9. Bxd4 Nxd4 10. Qxd4 Bc5 11. Qg4 0-0 12. 0-0 f5 13. exf6 Nxf6 14. Qg5 Be7 15. Bd3 Qe8 16. Qe5 Qh5 17. Qxh5 Nxh5 18. Rfe1 Nf4 19. Bf1 Ng6 20. Bd3 Nf4 21. Bf1 Ng6 22. h3 Nf4 23. Ne5 Bd6 24. g3 Bxe5 25. Rxe5 Ng6 26. Ree1 Bd7 27. f4 Rac8 28. Bd3 Rf6 29. Rad1 h5 30. h4 Nxh4 31. gxh4 Rxf4 32. Re5 Rg4+ 33. Kf2 Rf8+ 34. Ke2 Rg2+ 35. Ke3 Bc6 36. Ne2 d4+ 37. Kxd4 Rg4+ 38. Kc3 Rxh4 39. Rxe6 Rc8 40. Kd2 Bf3 41. Rf1 Bg4 42. Re7 Rb8 43. Rff7 Bxe2 44. Rxg7+ Kf8 45. Ref7+ Ke8 46. Kxe2 b5 47. Bg6 Rh2+ 48. Kd3 Rd8+ 49. Rd7+ 1-0

[Event "Nuremberg Zabo op 07th"]
[Site "Nuremberg"]
[Date "2005.09.23"]
[Round "1"]
[White "Lange, Vanessa"]
[Black "Schiller, Angel"]
[Result "0-1"]
[WhiteElo "1239"]
[BlackElo "1780"]
[PlyCount "82"]
[EventDate "2005.09.23"]
[EventType "swiss"]
[EventRounds "5"]
[EventCountry "GER"]
[SourceTitle "EXT 2012"]
[Source "ChessBase"]
[SourceDate "2011.11.24"]
[SourceVersion "1"]
[SourceVersionDate "2011.11.24"]
[SourceQuality "1"]

1. f4 Nf6 2. Nf3 g6 3. e3 Bg7 4. d4 d6 5. Bd3 0-0 6. 0-0 Nbd7 7. Nbd2 Nd5 8. Qe2 e5 9. fxe5 dxe5 10. c3 exd4 11. exd4 Nf4 12. Qe3 Bh6 13. Qe4 Nf6 14. Qe5 Nxd3 15. Qb5 Nxc1 16. Raxc1 c6 17. Qb3 b6 18. Rce1 Be6 19. Qa3 Ng4 20. c4 Qc7 21. g3 Bxd2 22. Nxd2 Rad8 23. Qc3 Qd6 24. Nf3 Nh6 25. Rd1 Bg4 26. Rd2 Bxf3 27. Rxf3 Nf5 28. Rf4 Rfe8 29. Kf2 Qe7 30. Kg2 Qe1 31. Rdf2 Qxc3 32. bxc3 Ne3+ 33. Kh3 f5 34. c5 bxc5 35. dxc5 Ng4 36. Rb2 Re7 37. Rf1 Rd3 38. Rb8+ Kg7 39. Rc8 Rxc3 40. Rxc6 Rc2 41. a4 Rxh2# 0-1

[Event "Mittelfranken-chT 0405"]
[Site "Germany"]
[Date "2005.04.17"]
[Round "9.6"]
[White "Schoenberger, Andreas"]
[Black "Schiller, Angel"]
[Result "1/2-1/2"]
[WhiteElo "2018"]
[BlackElo "1734"]
[PlyCount "102"]
[EventDate "2004.10.17"]
[EventType "team"]
[EventRounds "9"]
[EventCountry "GER"]
[SourceTitle "EXT 2007"]
[Source "ChessBase"]
[SourceDate "2006.11.23"]
[SourceVersion "1"]
[SourceVersionDate "2006.11.23"]
[SourceQuality "1"]

1. e4 e6 2. d4 c5 3. d5 exd5 4. exd5 Nf6 5. Nf3 d6 6. c4 g6 7. Be2 Bg7 8. Nc3 0-0 9. 0-0 Bg4 10. Bf4 a6 11. Qb3 Qc7 12. h3 Bxf3 13. Bxf3 Nbd7 14. Rfe1 Rfe8 15. g4 Rxe1+ 16. Rxe1 Re8 17. Rxe8+ Nxe8 18. Ne4 Ne5 19. Be2 f6 20. Bd2 h6 21. Ng3 Bf8 22. Qc2 Qg7 23. f4 Nd7 24. Qe4 Nc7 25. Kh2 Qf7 26. Bd3 b5 27. cxb5 axb5 28. Ba5 c4 29. Qxg6+ Qxg6 30. Bxg6 Nxd5 31. Be8 N5b6 32. Bxb6 Nxb6 33. Bxb5 d5 34. Nf5 Kf7 35. Kg3 Ke6 36. Nd4+ Kd6 37. a4 Nc8 38. h4 Na7 39. Be8 Ke7 40. Bg6 Kd7 41. Bf5+ Kd6 42. Kf3 Nc6 43. Ne2 Kc5 44. g5 fxg5 45. fxg5 hxg5 46. hxg5 Bg7 47. Nc3 d4 48. Ne4+ Kb4 49. Nd6 Ne5+ 50. Ke4 d3 51. Ke3 Kxa4 1/2-1/2

[Event "Seebach op 15th"]
[Site "Grossenseebach"]
[Date "2004.06.17"]
[Round "6"]
[White "Schiller, Angel"]
[Black "Meier, Peter1111"]
[Result "1-0"]
[WhiteElo "1797"]
[BlackElo "1552"]
[PlyCount "103"]
[EventDate "2004.06.17"]
[EventType "swiss"]
[EventRounds "7"]
[EventCountry "GER"]
[SourceTitle "EXT 2018"]
[Source "ChessBase"]
[SourceDate "2017.10.13"]
[SourceVersion "1"]
[SourceVersionDate "2017.10.13"]
[SourceQuality "1"]

1. e4 c5 2. Nf3 Nc6 3. Bb5 b6 4. c3 Bb7 5. 0-0 e6 6. Re1 Qc7 7. d4 cxd4 8. cxd4 Bb4 9. Nc3 Nge7 10. d5 Nd8 11. Bd2 0-0 12. Rc1 a6 13. Ne2 Bc5 14. Bd3 exd5 15. exd5 Qb8 16. Ng5 Ng6 17. Bc3 h6 18. Ne4 Bd6 19. N2g3 Be5 20. Bb1 Nf4 21. Bxe5 Qxe5 22. Nc5 Qxd5 23. Qxd5 Nxd5 24. Nxd7 Ne6 25. Nxf8 Kxf8 26. Bf5 Ndf4 27. f3 g6 28. Bb1 Rd8 29. Red1 Re8 30. Kf2 Nc5 31. Rc3 a5 32. Re3 Rxe3 33. Kxe3 Nxg2+ 34. Kf2 Nf4 35. Rd6 b5 36. a3 Ke7 37. Rb6 b4 38. axb4 axb4 39. Ne4 Nd5 40. Rb5 Nxe4+ 41. fxe4 Bc6 42. Rc5 Kd6 43. Rxc6+ Kxc6 44. exd5+ Kxd5 45. Ba2+ Kd4 46. Bxf7 g5 47. b3 Ke4 48. Kg3 Kf5 49. h3 Kf6 50. Be8 Ke7 51. Bb5 Kf6 52. Kg4 1-0

[Event "Nuremberg-ch op 04th"]
[Site "Nuremberg"]
[Date "2004.05.21"]
[Round "1"]
[White "Boenisch, Oliver"]
[Black "Schiller, Angel"]
[Result "0-1"]
[WhiteElo "1027"]
[BlackElo "1798"]
[PlyCount "74"]
[EventDate "2004.05.21"]
[EventType "swiss"]
[EventRounds "5"]
[EventCountry "GER"]
[SourceTitle "EXT 2006"]
[Source "ChessBase"]
[SourceDate "2005.11.24"]
[SourceVersion "1"]
[SourceVersionDate "2005.11.24"]
[SourceQuality "1"]

1. d4 Nf6 2. Nc3 d5 3. Bg5 Nbd7 4. e3 c6 5. Bd3 Qb6 6. Rb1 g6 7. Nge2 Bg7 8. Na4 Qa5+ 9. c3 b5 10. b4 Qxa4 11. Qxa4 bxa4 12. b5 Bb7 13. 0-0 0-0 14. f3 Rfe8 15. c4 e5 16. bxc6 Bxc6 17. c5 Rab8 18. Rxb8 Rxb8 19. Nc3 exd4 20. exd4 Nh5 21. Bd2 Bxd4+ 22. Kh1 Nxc5 23. Bc2 Bg7 24. g4 Nf6 25. Nd1 d4 26. Rf2 Nxg4 27. Rf1 d3 28. Bxd3 Nxd3 29. h3 Nge5 30. Kg2 Nc4 31. Bg5 Rb5 32. h4 f6 33. Be3 Nxe3+ 34. Nxe3 Re5 35. Nc4 Re2+ 36. Kg3 f5 37. a3 f4+ 0-1

[Event "Mittelfranken-ch QT 52nd"]
[Site "Uttenreuth"]
[Date "2003.04.17"]
[Round "3"]
[White "Schiller, Angel"]
[Black "Burger, Thomas"]
[Result "1-0"]
[WhiteElo "1810"]
[BlackElo "1673"]
[PlyCount "59"]
[EventDate "2003.04.16"]
[EventType "swiss"]
[EventRounds "7"]
[EventCountry "GER"]
[SourceTitle "EXT 2015"]
[Source "ChessBase"]
[SourceDate "2014.11.20"]
[SourceVersion "1"]
[SourceVersionDate "2014.11.20"]
[SourceQuality "1"]

1. e4 c5 2. Nf3 d6 3. d4 cxd4 4. Nxd4 Nf6 5. Nc3 Nc6 6. Bc4 g6 7. f3 Bg7 8. Be3 Bd7 9. Bb3 a6 10. Qd2 Rc8 11. 0-0-0 Na5 12. Bh6 0-0 13. Bxg7 Kxg7 14. Kb1 Nxb3 15. cxb3 b5 16. g4 Qa5 17. h4 b4 18. Nce2 Rc5 19. Ng3 Rfc8 20. h5 Rh8 21. hxg6 fxg6 22. Nc2 Rb5 23. Qh6+ Kf7 24. Ne3 Qb6 25. Nd5 Nxd5 26. exd5 Qf2 27. Qf4+ Ke8 28. Ne4 Qa7 29. Nxd6+ exd6 30. Qxd6 1-0